000 00540nam a2200205Ia 4500
003 OSt
005 20230619111420.0
008 210423s1981 xx 000 0 und d
040 _cAL
041 _aeng
082 _a307
_223
_bHENR
100 _aHENDUSON (Paul);THOMAS (David N),Ed
_9108681
245 _aReadings in community work
260 _aLondon
_bIndian Social Institute
_c1981
365 _cINR
650 _aCommunities
_9108682
650 _aSociology
_9108683
906 _acommunity ; Readings ; work
942 _2ddc
_cBK
999 _c172431
_d172431